Statistics for Minecraft Mobs by Picture

Click here to take the quiz!

General Stats

  • This quiz has been taken 465 times
  • The average score is 49 of 82

Answer Stats

Answer% Correct
Bee
94%
Bat
89%
Blaze
89%
Chicken
89%
Creeper
89%
Cat
88%
Cow
88%
Dolphin
87%
Ender Dragon
87%
Camel
85%
Enderman
85%
Allay
84%
Donkey
84%
Fox
84%
Frog
84%
Cave Spider
82%
Ghast
81%
Axolotl
79%
Drowned
79%
Goat
79%
Horse
79%
Endermite
77%
Iron Golem
77%
Killer Bunny
76%
Cod
75%
Elder Guardian
74%
Glow Squid
74%
Panda
72%
Pig
71%
Armadillo
70%
Guardian
70%
Llama
70%
Magma Cube
69%
Parrot
69%
Piglin
64%
Pufferfish
63%
Polar Bear
62%
Evoker
61%
Hoglin
61%
Mooshroom
61%
Mule
61%
Ocelot
61%
Phantom
61%
Sheep
61%
Rabbit
60%
Salmon
59%
Husk
58%
Pillager
57%
Skeleton
56%
Shulker
55%
Silverfish
55%
Slime
55%
Piglin Brute
54%
Skeleton Horse
52%
Spider
51%
Snow Golem
49%
Squid
49%
Ravager
45%
Turtle
44%
Breeze
43%
Sniffer
43%
Villager
42%
Firefly [*]
38%
Tropical Fish
38%
Tadpole
36%
Strider
35%
Witch
35%
Wolf
35%
Vex
34%
Wither
34%
Zombie
34%
Illusioner
33%
Stray
33%
Wandering Trader
33%
Warden
33%
Wither Skeleton
32%
Zombie Horse
31%
Zombie Villager
30%
Bogged
28%
Zombified Piglin
28%
Vindicator
26%
Zoglin
26%

Score Distribution

Percentile by Number Answered

Percent of People with Each Score

Your Score History

You have not taken this quiz